[Event "448. Wednesday (05.08.2020)"]
[Site "Official B"]
[Date "2020.08.05"]
[Round "8"]
[White "Belmonte"]
[Black "Ppngh"]
[Result "1-0"]
[WhiteElo "1423"]
[BlackElo "1736"]
[Annotator "NA"]
[PlyCount "81"]
[EventDate "2020.08.05"]
[EventType "swiss (blitz)"]

1. c4 {[%emt 0:00:02]} b6 {[%emt 0:00:02]} 2. Nf3 {[%emt 0:00:03]} Bb7 {[%emt 0:00:01]} 3. g3 {[%emt 0:00:00]} e6 {[%emt 0:00:02]} 4. Bg2 {[%emt 0:00:01]} Nf6 {[%emt 0:00:02]} 5. O-O {[%emt 0:00:01]} Be7 {[%emt 0:00:03]} 6. d3 {[%emt 0:00:01]} O-O {[%emt 0:00:02]} 7. Nc3 {[%emt 0:00:01]} d5 {[%emt 0:00:03]} 8. cxd5 {[%emt 0:00:02]} exd5 {[%emt 0:00:02]} 9. d4 {[%emt 0:00:02]} Nbd7 {[%emt 0:00:08]} 10. Bf4 {[%emt 0:00:03]} c6 {[%emt 0:00:03]} 11. a3 {[%emt 0:00:01]} Nh5 {[%emt 0:00:03]} 12. Qd2 {[%emt 0:00:03]} Nxf4 {[%emt 0:00:03]} 13. Qxf4 {[%emt 0:00:03]} Nf6 {[%emt 0:00:04]} 14. Nd2 {[%emt 0:00:19]} Bd6 {[%emt 0:00:08]} 15. Qf3 {[%emt 0:00:04]} Ba6 {[%emt 0:00:12]} 16. Rfe1 {[%emt 0:00:20]} Re8 {[%emt 0:00:04]} 17. e4 {[%emt 0:00:05]} dxe4 {[%emt 0:00:08]} 18. Ndxe4 {[%emt 0:00:02]} Nxe4 {[%emt 0:00:08]} 19. Nxe4 {[%emt 0:00:08]} Bf8 {[%emt 0:00:07]} 20. Qg4 {[%emt 0:00:19]} Bc4 {[%emt 0:00:12]} 21. Nd2 {[%emt 0:00:12]} Bd5 {[%emt 0:00:04]} 22. Rxe8 {[%emt 0:00:11]} Qxe8 {[%emt 0:00:03]} 23. Bxd5 {[%emt 0:00:03]} cxd5 {[%emt 0:00:02]} 24. Nf3 {[%emt 0:00:05]} Qe4 {[%emt 0:00:05]} 25. Ne5 {[%emt 0:00:20]} f5 {[%emt 0:00:14]} 26. Qh5 {[%emt 0:00:28]} g6 {[%emt 0:00:34]} 27. Qd1 {[%emt 0:00:13]} Bg7 {[%emt 0:00:24]} 28. Rc1 {[%emt 0:00:25]} Bxe5 {[%emt 0:00:05]} 29. dxe5 {[%emt 0:00:01]} Qxe5 {[%emt 0:00:02]} 30. Rc6 {[%emt 0:00:14]} Rd8 {[%emt 0:00:08]} 31. Qd3 {[%emt 0:00:21]} Qe1+ {[%emt 0:00:07]} 32. Kg2 {[%emt 0:00:03]} Qe4+ {[%emt 0:00:02]} 33. Qxe4 {[%emt 0:00:02]} fxe4 {[%emt 0:00:12]} 34. Kf1 {[%emt 0:00:02]} Rd7 {[%emt 0:00:14]} 35. Ke2 {[%emt 0:00:02]} Kf7 {[%emt 0:00:10]} 36. Ke3 {[%emt 0:00:01]} Ke7 {[%emt 0:00:21]} 37. Kd4 {[%emt 0:00:01]} Kf7 {[%emt 0:00:13]} 38. h4 {[%emt 0:00:08]} h5 {[%emt 0:00:04]} 39. a4 {[%emt 0:00:04]} Kg7 {[%emt 0:00:06]} 40. Re6 {[%emt 0:00:08]} Kh6 {[%emt 0:00:13]} 41. Re8 {[%emt 0:00:04] Time (Lag: Av=0.55s, max=1.4s)} 1-0

[Event "448. Wednesday (05.08.2020)"]
[Site "Official B"]
[Date "2020.08.05"]
[Round "8"]
[White "Scharmacher"]
[Black "Handgottes"]
[Result "1-0"]
[WhiteElo "1404"]
[BlackElo "1577"]
[Annotator "NA"]
[PlyCount "131"]
[EventDate "2020.08.05"]
[EventType "swiss (blitz)"]

1. d4 {[%emt 0:00:03]} d5 {[%emt 0:00:02]} 2. Nf3 {[%emt 0:00:01]} Nf6 {[%emt 0:00:02]} 3. g3 {[%emt 0:00:02]} Bf5 {[%emt 0:00:03]} 4. Bg2 {[%emt 0:00:02]} c6 {[%emt 0:00:02]} 5. O-O {[%emt 0:00:02]} e6 {[%emt 0:00:02]} 6. Nbd2 {[%emt 0:00:01]} Nbd7 {[%emt 0:00:03]} 7. a3 {[%emt 0:00:02]} h6 {[%emt 0:00:02]} 8. b4 {[%emt 0:00:01]} Bd6 {[%emt 0:00:03]} 9. Bb2 {[%emt 0:00:02]} O-O {[%emt 0:00:03]} 10. Rc1 {[%emt 0:00:03]} Qe7 {[%emt 0:00:04]} 11. c4 {[%emt 0:00:02]} Rfe8 {[%emt 0:00:06]} 12. Re1 {[%emt 0:00:03]} Ne4 {[%emt 0:00:04]} 13. Nxe4 {[%emt 0:00:03]} Bxe4 {[%emt 0:00:05]} 14. Nd2 {[%emt 0:00:02]} Bxg2 {[%emt 0:00:04]} 15. Kxg2 {[%emt 0:00:02]} e5 {[%emt 0:00:09]} 16. dxe5 {[%emt 0:00:03]} Bxe5 {[%emt 0:00:10]} 17. Bxe5 {[%emt 0:00:02]} Qxe5 {[%emt 0:00:03]} 18. e3 {[%emt 0:00:02]} Nf6 {[%emt 0:00:08]} 19. Nf3 {[%emt 0:00:03]} Qe4 {[%emt 0:00:06]} 20. Qd4 {[%emt 0:00:05]} Re6 {[%emt 0:00:14]} 21. Qxe4 {[%emt 0:00:03]} Rxe4 {[%emt 0:00:09]} 22. Nd4 {[%emt 0:00:02]} Rae8 {[%emt 0:00:09]} 23. cxd5 {[%emt 0:00:03]} Nxd5 {[%emt 0:00:04]} 24. b5 {[%emt 0:00:04]} cxb5 {[%emt 0:00:08]} 25. Nxb5 {[%emt 0:00:02]} Ra4 {[%emt 0:00:13]} 26. Nd6 {[%emt 0:00:06]} Rb8 {[%emt 0:00:06]} 27. Ra1 {[%emt 0:00:03]} Nb6 {[%emt 0:00:11]} 28. Rec1 {[%emt 0:00:03]} Kf8 {[%emt 0:00:08]} 29. Rc7 {[%emt 0:00:05]} Nd5 {[%emt 0:00:09]} 30. Rxb7 {[%emt 0:00:06]} Rxb7 {[%emt 0:00:03]} 31. Nxb7 {[%emt 0:00:02]} Nc3 {[%emt 0:00:03]} 32. Nc5 {[%emt 0:00:06]} Ra5 {[%emt 0:00:05]} 33. Nd3 {[%emt 0:00:02]} Nb5 {[%emt 0:00:05]} 34. a4 {[%emt 0:00:04]} Nc3 {[%emt 0:00:03]} 35. Nb2 {[%emt 0:00:04]} Ke7 {[%emt 0:00:02]} 36. Ra3 {[%emt 0:00:03]} Nb5 {[%emt 0:00:06]} 37. Ra2 {[%emt 0:00:02]} Nc3 {[%emt 0:00:03]} 38. Ra3 {[%emt 0:00:02]} Nb5 {[%emt 0:00:02]} 39. Rd3 {[%emt 0:00:04]} Nd6 {[%emt 0:00:04]} 40. Rb3 {[%emt 0:00:07]} a6 {[%emt 0:00:14]} 41. h4 {[%emt 0:00:03]} f5 {[%emt 0:00:07]} 42. Rc3 {[%emt 0:00:02]} Ne4 {[%emt 0:00:06]} 43. Rc7+ {[%emt 0:00:02]} Kf6 {[%emt 0:00:03]} 44. Rc6+ {[%emt 0:00:02]} Kf7 {[%emt 0:00:04]} 45. Rc7+ {[%emt 0:00:01]} Kf6 {[%emt 0:00:02]} 46. f3 {[%emt 0:00:03]} Nd2 {[%emt 0:00:06]} 47. Rc6+ {[%emt 0:00:04]} Kf7 {[%emt 0:00:02]} 48. Rd6 {[%emt 0:00:01]} Nb3 {[%emt 0:00:02]} 49. Rb6 {[%emt 0:00:06]} Nc5 {[%emt 0:00:03]} 50. Rb4 {[%emt 0:00:05]} Kf6 {[%emt 0:00:02]} 51. Nc4 {[%emt 0:00:04]} Rxa4 {[%emt 0:00:02]} 52. Rxa4 {[%emt 0:00:03]} Nxa4 {[%emt 0:00:02]} 53. Kf2 {[%emt 0:00:02]} Nc5 {[%emt 0:00:03]} 54. g4 {[%emt 0:00:02]} fxg4 {[%emt 0:00:02]} 55. fxg4 {[%emt 0:00:01]} Ke6 {[%emt 0:00:02]} 56. Kf3 {[%emt 0:00:01]} Kd5 {[%emt 0:00:02]} 57. Na5 {[%emt 0:00:02]} Ne6 {[%emt 0:00:05]} 58. e4+ {[%emt 0:00:03]} Kd6 {[%emt 0:00:05]} 59. Ke3 {[%emt 0:00:05]} Kc5 {[%emt 0:00:03]} 60. Nb3+ {[%emt 0:00:03]} Kb4 {[%emt 0:00:02]} 61. Na1 {[%emt 0:00:03]} a5 {[%emt 0:00:01]} 62. e5 {[%emt 0:00:03]} a4 {[%emt 0:00:02]} 63. Kd3 {[%emt 0:00:02]} a3 {[%emt 0:00:02]} 64. Kc2 {[%emt 0:00:02]} Nc5 {[%emt 0:00:01]} 65. Kb1 {[%emt 0:00:03]} Kc3 {[%emt 0:00:03]} 66. Nc2 {[%emt 0:00:03] Zeit (Lag: Av=1.33s, max=1.7s)} 1-0

[Event "448. Wednesday (05.08.2020)"]
[Site "Official B"]
[Date "2020.08.05"]
[Round "8"]
[White "Serrano2003"]
[Black "Holzpferd"]
[Result "0-1"]
[WhiteElo "1402"]
[BlackElo "1457"]
[Annotator "NA"]
[PlyCount "168"]
[EventDate "2020.08.05"]
[EventType "swiss (blitz)"]

1. e4 {[%emt 0:00:04]} c5 {[%emt 0:00:04]} 2. Nf3 {[%emt 0:00:02]} Nc6 {[%emt 0:00:01]} 3. d3 {[%emt 0:00:01]} d6 {[%emt 0:00:01]} 4. Be2 {[%emt 0:00:01]} Nf6 {[%emt 0:00:01]} 5. O-O {[%emt 0:00:01]} e6 {[%emt 0:00:00]} 6. Bg5 {[%emt 0:00:01]} Be7 {[%emt 0:00:01]} 7. Bxf6 {[%emt 0:00:02]} Bxf6 {[%emt 0:00:01]} 8. c3 {[%emt 0:00:00]} O-O {[%emt 0:00:01]} 9. Nbd2 {[%emt 0:00:02]} a6 {[%emt 0:00:01]} 10. h3 {[%emt 0:00:02]} b5 {[%emt 0:00:01]} 11. Nh2 {[%emt 0:00:02]} Bb7 {[%emt 0:00:01]} 12. Ng4 {[%emt 0:00:02]} Be7 {[%emt 0:00:02]} 13. Nf3 {[%emt 0:00:02]} Qc7 {[%emt 0:00:04]} 14. Qd2 {[%emt 0:00:04]} Rac8 {[%emt 0:00:17]} 15. Rad1 {[%emt 0:00:07]} a5 {[%emt 0:00:12]} 16. a3 {[%emt 0:00:03]} b4 {[%emt 0:00:02]} 17. axb4 {[%emt 0:00:03]} cxb4 {[%emt 0:00:02]} 18. cxb4 {[%emt 0:00:05]} axb4 {[%emt 0:00:11]} 19. Rc1 {[%emt 0:00:13]} Qb6 {[%emt 0:00:01]} 20. Qe3 {[%emt 0:00:04]} Qxe3 {[%emt 0:00:25]} 21. Nxe3 {[%emt 0:00:03]} Bf6 {[%emt 0:00:06]} 22. b3 {[%emt 0:00:04]} Na5 {[%emt 0:00:04]} 23. Rb1 {[%emt 0:00:05]} Rc3 {[%emt 0:00:04]} 24. Ng4 {[%emt 0:00:12]} Be7 {[%emt 0:00:05]} 25. Bd1 {[%emt 0:00:04]} Rfc8 {[%emt 0:00:12]} 26. Ne1 {[%emt 0:00:07]} Rc1 {[%emt 0:00:12]} 27. Rxc1 {[%emt 0:00:06]} Rxc1 {[%emt 0:00:01]} 28. Bc2 {[%emt 0:00:02]} Ba6 {[%emt 0:00:06]} 29. Ne3 {[%emt 0:00:03]} Bf6 {[%emt 0:00:06]} 30. Nc4 {[%emt 0:00:05]} Bxc4 {[%emt 0:00:13]} 31. dxc4 {[%emt 0:00:04]} Bc3 {[%emt 0:00:01]} 32. Bd3 {[%emt 0:00:14]} Rxe1 {[%emt 0:00:10]} 33. Rxe1 {[%emt 0:00:02]} Bxe1 {[%emt 0:00:01]} 34. Bc2 {[%emt 0:00:02]} g6 {[%emt 0:00:12]} 35. f3 {[%emt 0:00:02]} Bc3 {[%emt 0:00:12]} 36. Kf1 {[%emt 0:00:02]} Kg7 {[%emt 0:00:03]} 37. Ke2 {[%emt 0:00:01]} Kf6 {[%emt 0:00:03]} 38. Kd3 {[%emt 0:00:01]} Ke5 {[%emt 0:00:01]} 39. Ke3 {[%emt 0:00:02]} Bb2 {[%emt 0:00:03]} 40. f4+ {[%emt 0:00:02]} Kf6 {[%emt 0:00:01]} 41. Kf3 {[%emt 0:00:03]} Nc6 {[%emt 0:00:04]} 42. Kg3 {[%emt 0:00:04]} h5 {[%emt 0:00:01]} 43. Kh2 {[%emt 0:00:04]} Nd4 {[%emt 0:00:01]} 44. Bd1 {[%emt 0:00:03]} Bc1 {[%emt 0:00:02]} 45. g3 {[%emt 0:00:03]} h4 {[%emt 0:00:11]} 46. gxh4 {[%emt 0:00:03]} Bxf4+ {[%emt 0:00:02]} 47. Kg2 {[%emt 0:00:02]} Ke5 {[%emt 0:00:01]} 48. Kf2 {[%emt 0:00:04]} Kxe4 {[%emt 0:00:02]} 49. Bf3+ {[%emt 0:00:03]} Nxf3 {[%emt 0:00:02]} 50. Kg2 {[%emt 0:00:04]} Nxh4+ {[%emt 0:00:01]} 51. Kf2 {[%emt 0:00:02]} g5 {[%emt 0:00:01]} 52. Kg1 {[%emt 0:00:03]} f5 {[%emt 0:00:01]} 53. Kh1 {[%emt 0:00:01]} Ng6 {[%emt 0:00:04]} 54. c5 {[%emt 0:00:02]} dxc5 {[%emt 0:00:01]} 55. Kg2 {[%emt 0:00:04]} Ne5 {[%emt 0:00:01]} 56. h4 {[%emt 0:00:01]} gxh4 {[%emt 0:00:02]} 57. Kh3 {[%emt 0:00:01]} Ng6 {[%emt 0:00:05]} 58. Kg2 {[%emt 0:00:02]} Kd4 {[%emt 0:00:01]} 59. Kf3 {[%emt 0:00:01]} c4 {[%emt 0:00:03]} 60. bxc4 {[%emt 0:00:02]} Kxc4 {[%emt 0:00:01]} 61. Ke2 {[%emt 0:00:02]} Kc3 {[%emt 0:00:01]} 62. Kf3 {[%emt 0:00:01]} b3 {[%emt 0:00:01]} 63. Ke2 {[%emt 0:00:02]} b2 {[%emt 0:00:01]} 64. Kf3 {[%emt 0:00:01]} b1=Q {[%emt 0:00:03]} 65. Ke2 {[%emt 0:00:01]} Qd3+ {[%emt 0:00:01]} 66. Kf2 {[%emt 0:00:01]} Qe3+ {[%emt 0:00:01]} 67. Kg2 {[%emt 0:00:01]} Qg3+ {[%emt 0:00:03]} 68. Kf1 {[%emt 0:00:01]} Qd3+ {[%emt 0:00:09]} 69. Kf2 {[%emt 0:00:02]} Be3+ {[%emt 0:00:04]} 70. Kf3 {[%emt 0:00:02]} e5 {[%emt 0:00:03]} 71. Kg2 {[%emt 0:00:01]} Qd2+ {[%emt 0:00:03]} 72. Kh3 {[%emt 0:00:02]} Nf4+ {[%emt 0:00:05]} 73. Kxh4 {[%emt 0:00:04]} Nd3 {[%emt 0:00:02]} 74. Kh5 {[%emt 0:00:02]} Qh2+ {[%emt 0:00:02]} 75. Kg6 {[%emt 0:00:00]} f4 {[%emt 0:00:02]} 76. Kf6 {[%emt 0:00:00]} f3 {[%emt 0:00:01]} 77. Ke6 {[%emt 0:00:02]} f2 {[%emt 0:00:00]} 78. Kd6 {[%emt 0:00:01]} f1=Q {[%emt 0:00:00]} 79. Kc6 {[%emt 0:00:01]} Qfg2+ {[%emt 0:00:00]} 80. Kd6 {[%emt 0:00:01]} Qg5 {[%emt 0:00:00]} 81. Ke6 {[%emt 0:00:01]} e4 {[%emt 0:00:00]} 82. Kd7 {[%emt 0:00:03]} Qhh6 {[%emt 0:00:00]} 83. Kc8 {[%emt 0:00:01]} Qgg7 {[%emt 0:00:00]} 84. Kd8 {[%emt 0:00:01]} Qhh8# {[%emt 0:00:00] (Lag: Av=0.33s, max=0.9s)} 0-1

[Event "448. Wednesday (05.08.2020)"]
[Site "Official B"]
[Date "2020.08.05"]
[Round "8"]
[White "Alexmil2020"]
[Black "Weissi"]
[Result "1/2-1/2"]
[WhiteElo "1381"]
[BlackElo "1415"]
[Annotator "NA"]
[PlyCount "76"]
[EventDate "2020.08.05"]
[EventType "swiss (blitz)"]

{Milgevsky, Alexander} 1. e4 {[%emt 0:00:02]} e6 {[%emt 0:00:02]} 2. Nc3 {[%emt 0:00:01]} d5 {[%emt 0:00:01]} 3. exd5 {[%emt 0:00:02]} exd5 {[%emt 0:00:01]} 4. d4 {[%emt 0:00:00]} Nf6 {[%emt 0:00:03]} 5. Qe2+ {[%emt 0:00:01]} Be7 {[%emt 0:00:08]} 6. Nf3 {[%emt 0:00:01]} Bg4 {[%emt 0:00:06]} 7. Bg5 {[%emt 0:00:01]} O-O {[%emt 0:00:03]} 8. O-O-O {[%emt 0:00:01]} c6 {[%emt 0:00:26]} 9. h3 {[%emt 0:00:20]} Bh5 {[%emt 0:00:05]} 10. g4 {[%emt 0:00:01]} Bg6 {[%emt 0:00:02]} 11. Bxf6 {[%emt 0:00:04]} Bxf6 {[%emt 0:00:08]} 12. h4 {[%emt 0:00:13]} Re8 {[%emt 0:00:07]} 13. Qd2 {[%emt 0:00:07]} h6 {[%emt 0:00:25]} 14. h5 {[%emt 0:00:04]} Be4 {[%emt 0:00:06]} 15. Be2 {[%emt 0:00:08]} Bxf3 {[%emt 0:00:06]} 16. Qd3 {[%emt 0:00:07]} Bxh1 {[%emt 0:00:07]} 17. Rxh1 {[%emt 0:00:02]} Nd7 {[%emt 0:00:15]} 18. f4 {[%emt 0:00:01]} Bh4 {[%emt 0:00:23]} 19. g5 {[%emt 0:00:14]} hxg5 {[%emt 0:00:06]} 20. h6 {[%emt 0:00:02]} gxh6 {[%emt 0:00:07]} 21. Rxh4 {[%emt 0:00:09]} gxh4 {[%emt 0:00:09]} 22. Qf5 {[%emt 0:00:04]} Re6 {[%emt 0:00:30]} 23. Bd3 {[%emt 0:00:09]} Rg6 {[%emt 0:00:03]} 24. Qh5 {[%emt 0:00:03]} Rg1+ {[%emt 0:00:12]} 25. Nd1 {[%emt 0:00:02]} Qf6 {[%emt 0:00:14]} 26. c3 {[%emt 0:00:11]} Qxf4+ {[%emt 0:00:04]} 27. Kc2 {[%emt 0:00:01]} Qg5 {[%emt 0:00:17]} 28. Qe2 {[%emt 0:00:11]} Rg2 {[%emt 0:00:03]} 29. Nf2 {[%emt 0:00:01]} Nb6 {[%emt 0:00:05]} 30. Qf3 {[%emt 0:00:11]} Qd2+ {[%emt 0:00:05]} 31. Kxd2 {[%emt 0:00:02]} Rg1 {[%emt 0:00:08]} 32. Qf5 {[%emt 0:00:02]} Kf8 {[%emt 0:00:04]} 33. Ng4 {[%emt 0:00:08]} Re8 {[%emt 0:00:03]} 34. Nf6 {[%emt 0:00:02]} Ree1 {[%emt 0:00:03]} 35. Nd7+ {[%emt 0:00:12]} Ke8 {[%emt 0:00:04]} 36. Nf6+ {[%emt 0:00:04]} Kf8 {[%emt 0:00:02]} 37. Nh7+ {[%emt 0:00:02]} Ke8 {[%emt 0:00:02]} 38. Nf6+ {[%emt 0:00:06]} Kf8 {[%emt 0:00:01] (Lag: Av=0.42s, max=0.8s)} 1/2-1/2

[Event "448. Wednesday (05.08.2020)"]
[Site "Official B"]
[Date "2020.08.05"]
[Round "8"]
[White "W Nelles"]
[Black "Reingames"]
[Result "0-1"]
[WhiteElo "1372"]
[BlackElo "1682"]
[Annotator "NA"]
[PlyCount "124"]
[EventDate "2020.08.05"]
[EventType "swiss (blitz)"]

1. e4 {[%emt 0:00:12]} e6 {[%emt 0:00:02]} 2. Nf3 {[%emt 0:00:04]} d5 {[%emt 0:00:02]} 3. Nc3 {[%emt 0:00:02]} d4 {[%emt 0:00:03]} 4. Nb5 {[%emt 0:00:03]} c5 {[%emt 0:00:04]} 5. c4 {[%emt 0:00:07]} a6 {[%emt 0:00:03]} 6. Na3 {[%emt 0:00:05]} Nc6 {[%emt 0:00:02]} 7. d3 {[%emt 0:00:05]} g6 {[%emt 0:00:18]} 8. Bd2 {[%emt 0:00:03]} Bg7 {[%emt 0:00:06]} 9. Be2 {[%emt 0:00:04]} e5 {[%emt 0:00:01]} 10. O-O {[%emt 0:00:03]} Nge7 {[%emt 0:00:02]} 11. Rb1 {[%emt 0:00:09]} Qd6 {[%emt 0:00:10]} 12. b3 {[%emt 0:00:25]} O-O {[%emt 0:00:07]} 13. Bg5 {[%emt 0:00:06]} f6 {[%emt 0:00:04]} 14. Bh4 {[%emt 0:00:03]} g5 {[%emt 0:00:03]} 15. Bg3 {[%emt 0:00:02]} h5 {[%emt 0:00:03]} 16. h4 {[%emt 0:00:04]} g4 {[%emt 0:00:07]} 17. Nd2 {[%emt 0:00:03]} f5 {[%emt 0:00:03]} 18. exf5 {[%emt 0:00:09]} Bxf5 {[%emt 0:00:14]} 19. Ne4 {[%emt 0:00:03]} Bxe4 {[%emt 0:00:04]} 20. dxe4 {[%emt 0:00:04]} Rf7 {[%emt 0:00:14]} 21. Qd2 {[%emt 0:00:03]} Kh7 {[%emt 0:00:11]} 22. f4 {[%emt 0:00:06]} exf4 {[%emt 0:00:18]} 23. Rxf4 {[%emt 0:00:09]} Rxf4 {[%emt 0:00:05]} 24. Qxf4 {[%emt 0:00:07]} Qxf4 {[%emt 0:00:03]} 25. Bxf4 {[%emt 0:00:06]} Be5 {[%emt 0:00:15]} 26. g3 {[%emt 0:00:05]} Rf8 {[%emt 0:00:04]} 27. Rf1 {[%emt 0:00:07]} Ng6 {[%emt 0:00:03]} 28. Bd3 {[%emt 0:00:07]} Bxf4 {[%emt 0:00:06]} 29. gxf4 {[%emt 0:00:06]} Rxf4 {[%emt 0:00:06]} 30. Rxf4 {[%emt 0:00:07]} Nxf4 {[%emt 0:00:02]} 31. Bf1 {[%emt 0:00:04]} Ne5 {[%emt 0:00:03]} 32. Nc2 {[%emt 0:00:02]} d3 {[%emt 0:00:03]} 33. Ne3 {[%emt 0:00:02]} d2 {[%emt 0:00:12]} 34. Kf2 {[%emt 0:00:05]} Nf3 {[%emt 0:00:14]} 35. Be2 {[%emt 0:00:09]} Nxe2 {[%emt 0:00:09]} 36. Kxe2 {[%emt 0:00:03]} Kg6 {[%emt 0:00:02]} 37. Nd5 {[%emt 0:00:12]} Nxh4 {[%emt 0:00:13]} 38. Kxd2 {[%emt 0:00:04]} g3 {[%emt 0:00:02]} 39. Ke2 {[%emt 0:00:05]} Kg5 {[%emt 0:00:05]} 40. Kf1 {[%emt 0:00:06]} Ng6 {[%emt 0:00:03]} 41. Ne3 {[%emt 0:00:11]} h4 {[%emt 0:00:03]} 42. Kg2 {[%emt 0:00:05]} Nf4+ {[%emt 0:00:03]} 43. Kg1 {[%emt 0:00:02]} Ne2+ {[%emt 0:00:03]} 44. Kg2 {[%emt 0:00:03]} Kf4 {[%emt 0:00:03]} 45. Nd5+ {[%emt 0:00:04]} Kxe4 {[%emt 0:00:02]} 46. Nf6+ {[%emt 0:00:02]} Ke3 {[%emt 0:00:04]} 47. Ng4+ {[%emt 0:00:02]} Kf4 {[%emt 0:00:02]} 48. Nf6 {[%emt 0:00:04]} Nc3 {[%emt 0:00:02]} 49. Nd5+ {[%emt 0:00:03]} Nxd5 {[%emt 0:00:01]} 50. cxd5 {[%emt 0:00:01]} Ke5 {[%emt 0:00:01]} 51. d6 {[%emt 0:00:04]} Kxd6 {[%emt 0:00:02]} 52. a3 {[%emt 0:00:02]} b5 {[%emt 0:00:01]} 53. Kh3 {[%emt 0:00:01]} c4 {[%emt 0:00:01]} 54. bxc4 {[%emt 0:00:02]} bxc4 {[%emt 0:00:01]} 55. Kg2 {[%emt 0:00:02]} c3 {[%emt 0:00:01]} 56. Kh3 {[%emt 0:00:03]} c2 {[%emt 0:00:01]} 57. a4 {[%emt 0:00:01]} c1=Q {[%emt 0:00:01]} 58. a5 {[%emt 0:00:04]} Qa3 {[%emt 0:00:02]} 59. Kxh4 {[%emt 0:00:03]} g2 {[%emt 0:00:02]} 60. Kg5 {[%emt 0:00:01]} g1=Q+ {[%emt 0:00:02]} 61. Kf4 {[%emt 0:00:01]} Qf2+ {[%emt 0:00:02]} 62. Ke4 {[%emt 0:00:01]} Qae3# {[%emt 0:00:01] (Lag: Av=0.60s, max=1.1s)} 0-1

[Event "448. Wednesday (05.08.2020)"]
[Site "Official B"]
[Date "2020.08.05"]
[Round "8"]
[White "Rainer Günnel"]
[Black "Dagobert52"]
[Result "0-1"]
[WhiteElo "1348"]
[BlackElo "1529"]
[Annotator "NA"]
[PlyCount "122"]
[EventDate "2020.08.05"]
[EventType "swiss (blitz)"]

1. d4 {[%emt 0:00:05]} f5 {[%emt 0:00:14]} 2. g3 {[%emt 0:00:09]} Nf6 {[%emt 0:00:02]} 3. Bg2 {[%emt 0:00:01]} e6 {[%emt 0:00:01]} 4. Nh3 {[%emt 0:00:01]} c6 {[%emt 0:00:01]} 5. O-O {[%emt 0:00:04]} d6 {[%emt 0:00:01]} 6. Bg5 {[%emt 0:00:04]} Be7 {[%emt 0:00:01]} 7. Nd2 {[%emt 0:00:06]} O-O {[%emt 0:00:01]} 8. c4 {[%emt 0:00:04]} e5 {[%emt 0:00:02]} 9. dxe5 {[%emt 0:00:03]} dxe5 {[%emt 0:00:01]} 10. Nb3 {[%emt 0:00:06]} Be6 {[%emt 0:00:03]} 11. Qc2 {[%emt 0:00:19]} Na6 {[%emt 0:00:13]} 12. Rad1 {[%emt 0:00:02]} Qc7 {[%emt 0:00:02]} 13. a3 {[%emt 0:00:09]} Rad8 {[%emt 0:00:02]} 14. f4 {[%emt 0:00:10]} e4 {[%emt 0:00:02]} 15. e3 {[%emt 0:00:12]} h6 {[%emt 0:00:02]} 16. Bxf6 {[%emt 0:00:03]} Bxf6 {[%emt 0:00:01]} 17. Nf2 {[%emt 0:00:09]} Rxd1 {[%emt 0:00:08]} 18. Rxd1 {[%emt 0:00:02]} Rd8 {[%emt 0:00:01]} 19. Nd4 {[%emt 0:00:07]} Bc8 {[%emt 0:00:10]} 20. b4 {[%emt 0:00:09]} g6 {[%emt 0:00:02]} 21. Rd2 {[%emt 0:00:13]} Qf7 {[%emt 0:00:08]} 22. b5 {[%emt 0:00:14]} cxb5 {[%emt 0:00:04]} 23. Nxb5 {[%emt 0:00:02]} Nc5 {[%emt 0:00:03]} 24. Nd6 {[%emt 0:00:04]} Qe7 {[%emt 0:00:10]} 25. Nxc8 {[%emt 0:00:03]} Rxc8 {[%emt 0:00:02]} 26. Qd1 {[%emt 0:00:06]} Rd8 {[%emt 0:00:06]} 27. Rxd8+ {[%emt 0:00:02]} Qxd8 {[%emt 0:00:01]} 28. Qxd8+ {[%emt 0:00:08]} Bxd8 {[%emt 0:00:01]} 29. Nd1 {[%emt 0:00:03]} Nd3 {[%emt 0:00:08]} 30. Bf1 {[%emt 0:00:05]} Nc5 {[%emt 0:00:08]} 31. Nc3 {[%emt 0:00:02]} Be7 {[%emt 0:00:07]} 32. a4 {[%emt 0:00:14]} Bf6 {[%emt 0:00:12]} 33. Nd5 {[%emt 0:00:03]} Bg7 {[%emt 0:00:04]} 34. a5 {[%emt 0:00:04]} Nb3 {[%emt 0:00:10]} 35. a6 {[%emt 0:00:07]} bxa6 {[%emt 0:00:02]} 36. c5 {[%emt 0:00:04]} Nxc5 {[%emt 0:00:02]} 37. Nc7 {[%emt 0:00:03]} a5 {[%emt 0:00:06]} 38. Bc4+ {[%emt 0:00:01]} Kh7 {[%emt 0:00:02]} 39. Ne6 {[%emt 0:00:06]} Nxe6 {[%emt 0:00:05]} 40. Bxe6 {[%emt 0:00:01]} Bc3 {[%emt 0:00:03]} 41. Kf2 {[%emt 0:00:03]} Kg7 {[%emt 0:00:03]} 42. Bd7 {[%emt 0:00:01]} Kf6 {[%emt 0:00:02]} 43. Ke2 {[%emt 0:00:08]} Ke7 {[%emt 0:00:02]} 44. Ba4 {[%emt 0:00:04]} g5 {[%emt 0:00:05]} 45. h3 {[%emt 0:00:05]} Kf6 {[%emt 0:00:10]} 46. g4 {[%emt 0:00:02]} gxf4 {[%emt 0:00:08]} 47. exf4 {[%emt 0:00:02]} Bd4 {[%emt 0:00:12]} 48. Bd7 {[%emt 0:00:11]} fxg4 {[%emt 0:00:02]} 49. hxg4 {[%emt 0:00:02]} Bb6 {[%emt 0:00:04]} 50. g5+ {[%emt 0:00:06]} hxg5 {[%emt 0:00:02]} 51. fxg5+ {[%emt 0:00:01]} Kxg5 {[%emt 0:00:01]} 52. Ba4 {[%emt 0:00:02]} e3 {[%emt 0:00:02]} 53. Bb5 {[%emt 0:00:03]} Kf5 {[%emt 0:00:02]} 54. Kd1 {[%emt 0:00:08]} Ke4 {[%emt 0:00:03]} 55. Kc2 {[%emt 0:00:01]} Kf3 {[%emt 0:00:03]} 56. Kd1 {[%emt 0:00:03]} Kf2 {[%emt 0:00:05]} 57. Be2 {[%emt 0:00:02]} a4 {[%emt 0:00:01]} 58. Bd3 {[%emt 0:00:02]} a3 {[%emt 0:00:01]} 59. Bc4 {[%emt 0:00:01]} a2 {[%emt 0:00:02]} 60. Bxa2 {[%emt 0:00:01]} e2+ {[%emt 0:00:01]} 61. Kd2 {[%emt 0:00:02]} e1=Q+ {[%emt 0:00:01] Rainer Günnel gibt auf (Lag: Av=0.64s, max=1.1s)} 0-1

[Event "448. Wednesday (05.08.2020)"]
[Site "Official B"]
[Date "2020.08.05"]
[Round "9"]
[White "Sedarpl"]
[Black "K_J"]
[Result "1-0"]
[WhiteElo "2201"]
[BlackElo "1969"]
[PlyCount "57"]
[EventDate "2020.08.05"]
[EventType "swiss (blitz)"]

1. g3 {[%emt 0:00:05]} d5 {[%emt 0:00:02]} 2. b3 {[%emt 0:00:04]} c6 {[%emt 0:00:04]} 3. Bb2 {[%emt 0:00:02]} Nf6 {[%emt 0:00:03]} 4. Bg2 {[%emt 0:00:01]} Bf5 {[%emt 0:00:02]} 5. d3 {[%emt 0:00:02]} e6 {[%emt 0:00:02]} 6. Nf3 {[%emt 0:00:01]} Be7 {[%emt 0:00:05]} 7. O-O {[%emt 0:00:01]} h6 {[%emt 0:00:04]} 8. c4 {[%emt 0:00:06]} Nbd7 {[%emt 0:00:05]} 9. Nbd2 {[%emt 0:00:04]} O-O {[%emt 0:00:01]} 10. a3 {[%emt 0:00:13]} a5 {[%emt 0:00:01]} 11. Qc2 {[%emt 0:00:19]} b5 {[%emt 0:00:07]} 12. Nd4 {[%emt 0:00:07]} Qb6 {[%emt 0:00:33]} 13. Nxf5 {[%emt 0:00:03]} exf5 {[%emt 0:00:02]} 14. Rac1 {[%emt 0:00:08]} bxc4 {[%emt 0:00:27]} 15. dxc4 {[%emt 0:00:05]} g6 {[%emt 0:00:11]} 16. cxd5 {[%emt 0:00:05]} cxd5 {[%emt 0:00:04]} 17. Qc6 {[%emt 0:00:02]} Qxc6 {[%emt 0:00:05]} 18. Rxc6 {[%emt 0:00:01]} Ne4 {[%emt 0:00:23]} 19. Rd1 {[%emt 0:00:06]} Rab8 {[%emt 0:00:25]} 20. Nxe4 {[%emt 0:00:05]} fxe4 {[%emt 0:00:05]} 21. Rxd5 {[%emt 0:00:03]} Rfd8 {[%emt 0:00:33]} 22. Bxe4 {[%emt 0:00:06]} Rxb3 {[%emt 0:00:01]} 23. Bc1 {[%emt 0:00:06]} Nf6 {[%emt 0:00:06]} 24. Rxd8+ {[%emt 0:00:06]} Bxd8 {[%emt 0:00:00]} 25. Bc2 {[%emt 0:00:06]} Rb8 {[%emt 0:00:11]} 26. Bxh6 {[%emt 0:00:01]} Be7 {[%emt 0:00:14]} 27. Bc1 {[%emt 0:00:05]} Nd5 {[%emt 0:00:07]} 28. Bd3 {[%emt 0:00:04]} Rb3 {[%emt 0:00:09]} 29. Bc4 {[%emt 0:00:04] K_J gibt auf (Lag: Av=0.53s, max=0.7s)} 1-0